| 000 | 00000nam 2200000zi 4500 |
| 001 | 9.911101 |
| 003 | CaOODSP |
| 005 | 20221107182300 |
| 006 | m o d f |
| 007 | cr |n||||||||| |
| 008 | 220511e199511##onc ob f000 0 eng d |
| 020 | |z0662239385 |
| 040 | |aCaOODSP|beng|erda|cCaOODSP |
| 043 | |an-cn--- |
| 086 | 1 |aSF31-32/1995E-PDF |
| 110 | 1 |aCanada. |bOffice of the Commissioner of Official Languages, |eauthor, |eissuing body. |
| 245 | 14|aThe equitable use of English and French before the courts of Canada : |ba study / |cby the Commissioner of Official Languages. |
| 264 | 1|a[Ottawa] : |bThe Commissioner, |cNovember 1995. |
| 300 | |a1 online resource (ii, 107 pages) |
| 336 | |atext|btxt|2rdacontent |
| 337 | |acomputer|bc|2rdamedia |
| 338 | |aonline resource|bcr|2rdacarrier |
| 500 | |aIssued also in French under title: L'utilisation équitable du français et de l'anglais devant les tribunaux au Canada. |
| 500 | |aDigitized edition from print [by Office of the Commissioner of Official Languages]. |
| 504 | |aIncludes bibliographical references. |
| 530 | |aIssued also in print format. |
| 650 | 0|aConduct of court proceedings|zCanada. |
| 650 | 0|aCourt interpreting and translating|zCanada. |
| 650 | 0|aCourt rules|zCanada. |
| 651 | 0|aCanada|xLanguages|xLaw and legislation. |
| 775 | 08|tL'utilisation équitable du français et de l'anglais devant les tribunaux au Canada : |w(CaOODSP)9.911103 |
| 776 | 0#|tThe equitable use of English and French before the courts in Canada : |w(CaOODSP)9.646054 |
| 856 | 40|qPDF|s7.18 MB|uhttps://publications.gc.ca/collections/collection_2022/clo-ocol/SF31-32-1995-eng.pdf |